[Event "Calvi Rapid Open 2019"]
[Site "Calvi"]
[Date "2019.05.19"]
[Round "8.1"]
[White "Bouslimi, Nabil"]
[Black "Howell, David"]
[Result "0-1"]
[WhiteElo "2056"]
[BlackElo "2698"]
[Annotator "TA"]
[PlyCount "51"]
[EventDate "2019.05.18"]
[EventType "rapid"]
[EventCountry "FRA"]
[SourceTitle "playchess.com"]
[Source "ChessBase"]
[SourceQuality "1"]

{[%evp 9,51,52,60,29,66,68,70,33,64,42,51,52,47,41,51,4,26,0,0,0,0,-8,-8,-47,-20,-96,-96,-96,-96,-105,-90,-94,-66,-93,-86,-123,-125,-164,-154,-155,-162,-204,-159,-241]} 1. d4 Nf6 2. c4 b6 3. Nf3 Bb7 4. g3 Bxf3 5. exf3 e6 6. Bg2 {A50: Queen's Fianchetto Defence (1 d4 Nf6 2 c4 b6)} d5 7. O-O c6 (7... Be7 8. f4 c6 9. b3 Na6 10. Nd2 O-O 11. Nf3 Qc7 12. Bb2 Rac8 13. Rc1 {1-0 (35) Aronian,L (2813)-Lysyj,I (2648) Tromsoe 2013}) 8. cxd5 {White is slightly better.} Nxd5 9. Nc3 g6 10. Be3 $146 ({Predecessor:} 10. f4 Bg7 11. Be3 O-O 12. Rc1 {1-0 (78) Polagaeva,K-Grabuzova,T (2375) Kazan 2003}) 10... Bg7 11. Rc1 O-O 12. Qd2 Qd7 13. Ne4 Na6 {[%cal Bb8a6,Ba6c7,Bc7d5,Bd5e7,Be7f5][%mdl 32]} 14. Rfd1 Rac8 15. Bf1 Nac7 16. Rc2 a5 17. Bf4 (17. Nc3 $11) 17... Nxf4 $17 18. Qxf4 Nd5 19. Qd6 Qb7 20. Qa3 {With the idea Nd6.} Rc7 21. Qb3 Rd8 22. a3 Ne7 23. Ng5 Nf5 {Black is clearly better.} 24. Rcd2 Rcd7 {[%cal Rf5d4]} 25. Bc4 Kh8 {[%cal Rf5d4]} ({Worse is} 25... Bxd4 {[#]} 26. Nxf7 $1 {[%mdl 512]} Rxf7 27. Bxe6 $11) 26. Bxe6 {Accuracy: White = 28%, Black = 60%.} (26. f4 $17) 0-1

[Event "Calvi Rapid Open 2019"]
[Site "Calvi"]
[Date "2019.05.19"]
[Round "8.2"]
[White "Astaneh Lopez, Alex"]
[Black "Piscopo, Pierluigi"]
[Result "1-0"]
[WhiteElo "2430"]
[BlackElo "2313"]
[Annotator "TA"]
[PlyCount "49"]
[EventDate "2019.05.18"]
[EventType "rapid"]
[EventCountry "FRA"]
[SourceTitle "playchess.com"]
[Source "ChessBase"]
[SourceQuality "1"]

{[%evp 9,71,14,38,35,72,74,60,52,47,45,43,39,49,42,59,27,32,17,6,22,34,-11,12,17,35,19,27,0,41,47,47,57,191,49,114,84,342,325,495,501,582,579,591,570,557,497,503,412,657,412,1008,921,29991,29992,29995,29996,29997,29994,29994,29995,29995,29996,29997,29998]} 1. Nf3 Nf6 2. g3 g6 3. b3 d6 4. d4 c5 5. c4 Ne4 $146 ({Predecessor:} 5... cxd4 6. Nxd4 d5 7. Bg2 e5 8. Nf3 e4 9. Nd4 Bb4+ 10. Bd2 Bxd2+ 11. Qxd2 dxc4 {½-½ (60) Froewis,G (2432)-Smirin,I (2676) Minsk 2017}) 6. Bg2 {A05: Réti Opening: 1 Nf3 Nf6} Qa5+ 7. Nfd2 $1 Nf6 8. dxc5 {White is slightly better.} Qxc5 9. Bb2 Bg7 10. Nc3 {[%cal Bb1c3,Bc3e2,Be2d4][%mdl 32]} O-O 11. O-O Nc6 12. Rc1 {aiming for Nd5.} Qh5 13. e3 Bg4 14. f3 Be6 15. Ne2 Qc5 16. Nd4 Bd7 17. a3 a5 18. Qe2 h5 19. Nb5 e5 20. Nc3 Bf5 {[#]} (20... d5 $14) 21. h3 ({White must play} 21. Nd5 $1 $18 {[%mdl 512]}) 21... Rad8 ({Black should try} 21... Qb6 $14) 22. g4 hxg4 $2 {[%mdl 8192]} (22... Be6 $16 {was necessary.}) 23. fxg4 $18 {[%mdl 64] Discovered Attack} ({Weaker is} 23. hxg4 Be6 $14) 23... Be6 {[#]} (23... Ne7 $142 24. gxf5 Nxf5) 24. Rxf6 $1 {[%mdl 576] Decoy} Bxf6 25. Nce4 {Played: Nd2-e4} 1-0

[Event "Calvi Rapid Open 2019"]
[Site "Calvi"]
[Date "2019.05.19"]
[Round "8.3"]
[White "Petrosyan, Armen"]
[Black "Maurizzi, Marc' Andria"]
[Result "1/2-1/2"]
[WhiteElo "2409"]
[BlackElo "2184"]
[Annotator "TA"]
[PlyCount "142"]
[EventDate "2019.05.18"]
[EventType "rapid"]
[EventCountry "FRA"]
[SourceTitle "playchess.com"]
[Source "ChessBase"]
[SourceQuality "1"]

{[%evp 12,142,29,18,38,33,37,29,60,45,41,33,21,0,0,0,0,0,34,32,31,31,37,37,61,50,147,147,147,147,147,143,143,147,136,99,104,3,18,0,135,135,125,0,29,24,29,23,33,26,156,138,231,0,0,0,0,0,29999,-185,0,0,0,0,0,0,0,0,3285,2603,2037,537,1016,0,499,483,367,0,0,0,0,0,0,0,0,0,0,0,0,0,0,0,0,0,0,0,0,0,0,0,0,0,0,0,0,0,0,0,0,0,0,0,0,0,0,0,0,0,0,0,0,0,0,0,0,0,0,0,0,0,0,0,0]} 1. e4 e6 2. d4 d5 3. Nc3 Nf6 4. Bg5 dxe4 5. Nxe4 Be7 6. Bxf6 gxf6 7. Qd2 f5 {C13: French: Classical System: 4 Bg5 Be7, Alekhine-Chatard Attack} 8. Nc3 c6 9. O-O-O b6 {White has an edge.} 10. g3 Bb7 11. Bg2 Nd7 12. f4 Qc7 13. Nf3 O-O-O 14. Qe2 $146 ({Predecessor:} 14. Qe3 Kb8 15. Ne5 Nxe5 16. dxe5 {0-1 (49) Praggnanandhaa,R (2500)-Akobian,V (2662) Douglas 2017}) 14... Bf6 15. Ne5 Nxe5 16. dxe5 Be7 17. a3 Bc5 18. Na4 Bd4 (18... Be7 $14) 19. c3 $16 b5 20. Rxd4 Rxd4 21. cxd4 bxa4 22. Qc4 Kb8 23. Kb1 Rd8 24. Qxa4 (24. Rd1 $16) 24... c5 $11 25. Bxb7 Qxb7 {[%mdl 4096] Endgame KQR-KQR} (25... Rxd4 $11 26. Qc2 Qxb7) 26. Rd1 $16 Qe4+ {[#]} 27. Qc2 (27. Ka2 $1 $16) 27... cxd4 28. Rd3 Rc8 29. Qb3+ Ka8 30. Ka2 Rd8 (30... a6 $11) 31. Qc4 Qg2 (31... h5 $16 32. h3 Qd5 33. Qxd5+ Rxd5) 32. Qa6 $2 (32. Rxd4 $18 Rb8 33. Qc3) 32... Rb8 {[%csl Gb8][%cal Rg2b2]} 33. Rb3 Qd5 34. Qd3 $40 {[%mdl 128] White is up to no good.} a5 $2 {[%mdl 8192]} (34... Rd8 $11) 35. a4 $4 {[%mdl 8192]} (35. Qa6# {mates}) 35... Rxb3 $2 ({Black should try} 35... Ka7 $19 36. Qf3 Qc4) 36. Qxb3 $19 {KQ-KQ} Qd7 37. Qc4 Kb7 38. Kb1 Kb6 39. Kc2 Qd5 $2 {[%mdl 8192]} (39... Qc6 $11 40. Kb3 Qd7) 40. Qxd5 $18 exd5 {KP-KP} 41. b3 (41. Kd3 $142 Kc5 42. h3) 41... Kc5 42. h3 $2 (42. g4 $18 fxg4 43. f5) 42... h5 $2 {[%mdl 8192]} (42... d3+ $1 $11 43. Kc3 (43. Kxd3 h5 $11) 43... d4+ 44. Kxd3 h5) 43. Kd3 Kb4 44. Kc2 $2 (44. Kxd4 $18 Kxb3 45. Kxd5) 44... Ka3 $11 {The position is equal.} 45. h4 Ka2 (45... Kb4 $5) 46. Kd3 Kxb3 47. Kxd4 Kxa4 48. Kxd5 Kb3 (48... Kb5 $5 49. Kd6 $8 a4 $11) 49. Kd6 a4 50. Ke7 a3 51. Kxf7 {e6 is the strong threat.} a2 52. e6 {Strongly threatening e7.} a1=Q 53. e7 Qa7 54. Kf8 Qc5 55. Kf7 Qc7 56. Kf8 {[#]} Qd6 $1 57. Kf7 Qd7 58. Kf8 Qd6 {And now ...Qf6+ would win.} 59. Kf7 Qd5+ 60. Kf8 Qc5 61. Kf7 Qc4+ 62. Kf8 Qb4 63. Kf7 Qb7 64. Kf8 Qb4 65. Kf7 Qc4+ 66. Kf8 Qc5 67. Kf7 Qd5+ 68. Kf8 Qd6 69. Kf7 Qd5+ 70. Kf8 Qd6 {Hoping for ...Qf6+.} 71. Kf7 Qd5+ {Accuracy: White = 45%, Black = 42%.} 1/2-1/2

[Event "Calvi Rapid Open 2019"]
[Site "Calvi"]
[Date "2019.05.19"]
[Round "8.4"]
[White "Marty, Brice"]
[Black "Pieri, Pierre-Louis"]
[Result "0-1"]
[WhiteElo "2023"]
[BlackElo "2034"]
[Annotator "NA RC"]
[PlyCount "63"]
[EventDate "2019.05.18"]
[EventType "rapid"]
[EventCountry "FRA"]
[SourceTitle "playchess.com"]
[Source "ChessBase"]
[SourceQuality "1"]
[TimeControl "600+3"]

1. e4 {[%emt 0:00:00]} c5 {[%emt 0:00:02]} 2. Nf3 {[%emt 0:00:10]} e6 {[%emt 0:00:01]} 3. d4 {[%emt 0:00:01]} cxd4 {[%emt 0:00:01]} 4. Nxd4 {[%emt 0:00:01]} Nc6 {[%emt 0:00:01]} 5. Nc3 {[%emt 0:00:03]} Qc7 {[%emt 0:00:01]} 6. g3 {[%emt 0:00:05]} a6 {[%emt 0:00:10]} 7. Bg2 {[%emt 0:00:03]} h5 {[%emt 0:00:00]} 8. h3 {[%emt 0:00:22]} h4 {[%emt 0:00:32]} 9. g4 {[%emt 0:00:01]} b5 {[%emt 0:00:26]} 10. O-O {[%emt 0:00:24]} Bb7 {[%emt 0:00:08]} 11. Be3 {[%emt 0:00:14]} Ne5 {[%emt 0:01:09]} 12. Nde2 {[%emt 0:01:57]} Nf6 {[%emt 0:01:02]} 13. f4 $17 {[%emt 0:00:37]} (13. g5 $15 Nh5 14. Bd4) 13... Nc4 {[%emt 0:02:26]} 14. Bc1 {[%emt 0:00:33]} b4 {[%emt 0:00:10]} 15. Na4 {[%emt 0:03:46]} Bxe4 {[%emt 0:00:57]} 16. b3 {[%emt 0:00:21]} Bxg2 {[%emt 0:00:08]} 17. Kxg2 {[%emt 0:00:01]} Nb6 {[%emt 0:00:18]} 18. Nxb6 {[%emt 0:00:12]} Qxb6 {[%emt 0:00:01]} 19. Qd3 {[%emt 0:00:12]} Rc8 {[%emt 0:00:26]} 20. Be3 {[%emt 0:01:19]} Qc6+ {[%emt 0:00:03]} 21. Rf3 {[%emt 0:00:17]} Nd5 {[%emt 0:00:18]} 22. Kf2 {[%emt 0:00:16]} Qxc2 {[%emt 0:01:09]} 23. Qxa6 {[%emt 0:00:04]} Nxe3 {[%emt 0:00:02]} 24. Rxe3 {[%emt 0:00:07]} Qc6 {[%emt 0:00:36]} 25. Qxc6 {[%emt 0:00:02]} Rxc6 {[%emt 0:00:01]} 26. Rd1 {[%emt 0:00:01]} Bc5 {[%emt 0:00:03]} 27. Nd4 {[%emt 0:00:03]} Rd6 {[%emt 0:00:13]} 28. Red3 {[%emt 0:00:01]} g5 {[%emt 0:00:13]} 29. Kf3 {[%emt 0:00:01]} gxf4 {[%emt 0:00:06]} 30. Kxf4 {[%emt 0:00:03]} Ke7 {[%emt 0:00:23]} 31. Nf3 {[%emt 0:00:01]} Ra8 {[%emt 0:00:12]} 32. R3d2 0-1

[Event "Calvi Rapid Open 2019"]
[Site "Calvi"]
[Date "2019.05.19"]
[Round "9.1"]
[White "Howell, David"]
[Black "Maurizzi, Marc' Andria"]
[Result "1/2-1/2"]
[WhiteElo "2698"]
[BlackElo "2184"]
[Annotator "TA"]
[PlyCount "110"]
[EventDate "2019.05.18"]
[EventType "rapid"]
[EventCountry "FRA"]
[SourceTitle "playchess.com"]
[Source "ChessBase"]
[SourceQuality "1"]

{[%evp 9,110,21,33,32,29,31,27,29,43,0,0,0,16,16,48,16,14,15,22,12,22,30,30,0,0,0,16,-3,-11,-32,-29,-43,-34,-62,-23,-8,-16,-21,-19,-39,-38,-35,-35,-58,-36,-43,-30,-58,0,0,49,0,0,0,0,0,0,0,48,0,7,0,0,0,60,26,45,25,28,0,0,-44,0,-47,30,42,44,0,15,0,20,-60,0,-37,-37,-44,-44,-44,-44,-28,-27,-37,-26,-31,-44,-33,0,0,0,0,0,0,0]} 1. Nf3 Nf6 2. d4 e6 3. g3 b5 4. e3 b4 5. a3 c5 $146 ({Predecessor:} 5... Bb7 6. axb4 Bxb4+ 7. Nbd2 O-O 8. Bg2 Be7 9. Nb3 d5 10. O-O Qc8 11. Na5 Ba6 {1-0 (29) Yu,Y (2765)-Vera Siguenas,D (2494) Batumi 2018}) 6. Bg2 {A46: 1 d4 Nf6 2 Nf3 e6: Torre, London and Colle Systems} Bb7 7. axb4 cxd4 8. exd4 {White has an edge.} Bxb4+ 9. Nbd2 O-O 10. O-O Nc6 11. c3 Be7 12. Re1 a5 13. Ne5 Qc7 14. Nd3 d6 15. Nc4 Ba6 16. Ne3 d5 17. Nc2 Nd7 18. h4 Bd6 19. h5 h6 20. Qf3 Rfe8 21. Nf4 Bb7 22. Ne3 Nf6 23. Ng4 Ne4 24. Nd3 f5 25. Ne3 Ba6 26. Nf1 Rab8 27. Nf4 Qf7 28. Qd1 Nf6 (28... Bxf4 $15 29. gxf4 Nf6) 29. Ng6 $1 $11 Ne7 30. Nxe7+ Rxe7 31. Rxa5 Bc8 32. Bf3 Ne4 33. Nd2 {[%cal Rd2e4]} Bd7 34. Bg2 Nf6 35. Ra6 Bc7 36. Nf3 Nxh5 (36... Ng4 $11) 37. Ne5 Bxe5 $1 38. dxe5 g5 39. b4 f4 40. g4 Ng7 (40... Bb5 $5 {[%cal Rb5a6]} 41. Ra1 Ng7 $11) 41. Bf3 Rc8 (41... Bb5 $15 42. Ra1 Ne8) 42. Qd3 Ne8 43. Bd2 Nc7 {[#] Strongly threatening ...Bb5.} 44. Ra5 Qe8 45. Kg2 (45. c4 $11) 45... Kg7 ({Black should try} 45... Bb5 $15 46. Qb1 Qf7) 46. Rea1 Bb5 47. Qd4 $1 Bc4 {[#] And now ...Nb5 would win.} 48. Ra7 $1 Nb5 49. Rxe7+ Qxe7 50. Qb6 Rc7 51. Ra8 Rb7 52. Qc6 Rc7 53. Qb6 {aiming for Qb8.The position is equal.} Rb7 54. Qc6 {Threatens to win with Qc8.} Rc7 55. Qb6 {Black must now prevent Qb8.} Rb7 {Accuracy: White = 48%, Black = 55%.} 1/2-1/2

[Event "Calvi Rapid Open 2019"]
[Site "Calvi"]
[Date "2019.05.19"]
[Round "9.2"]
[White "Pieri, Pierre-Louis"]
[Black "Astaneh Lopez, Alex"]
[Result "1/2-1/2"]
[WhiteElo "2034"]
[BlackElo "2430"]
[Annotator "TA"]
[PlyCount "82"]
[EventDate "2019.05.18"]
[EventType "rapid"]
[EventCountry "FRA"]
[SourceTitle "playchess.com"]
[Source "ChessBase"]
[SourceQuality "1"]

{[%evp 15,82,25,18,13,51,40,34,16,79,66,74,51,61,-85,-88,-89,-81,-104,-98,-84,202,200,276,265,328,326,432,445,1114,1084,2114,2033,2003,1947,29999,747,788,361,348,349,664,-110,-100,-101,44,45,54,-458,-450,-544,-220,-228,0,0,0,0,0,0,0,0,0,0,0,0,0,0,0,0,0]} 1. e4 c6 2. d4 d5 3. Nd2 dxe4 4. Nxe4 Nf6 5. Nxf6+ exf6 6. c3 Bd6 7. Bd3 O-O 8. Ne2 Re8 9. Qc2 {B15: Caro-Kann: 3 Nc3: 3...g6 and 3...dxe4 4 Nxe4 Nf6 5 Nxf6+ exf6} h5 (9... f5 $5) (9... h6 10. O-O Qc7 11. Ng3 Nd7 12. Be3 Nf8 13. Rae1 Be6 14. Qd2 Bxg3 15. hxg3 Bxa2 16. c4 b5 17. cxb5 Bd5 18. Rc1 {½-½ (31) Sjugirov,S (2663)-Li,C (2724) Qinhuangdao 2018}) 10. Be3 Nd7 11. Ng3 {White is slightly better.} Nf8 (11... Nb6 $11) 12. Nxh5 $16 g6 13. Ng3 f5 {...f4 is the strong threat.} 14. Nxf5 (14. Ne2 $1 $14 {was forced to keep a grip.}) 14... gxf5 $17 15. Bxf5 Qf6 $146 ({Predecessor:} 15... Bf4 16. O-O {0-1 (47) Setyaki,A (2316)-Arvola,B (2493) Batumi 2018}) 16. Bd3 Bg4 17. h3 Bg3 $2 {[%mdl 8192]} (17... Bh5 $17) 18. O-O $18 Rxe3 19. fxg3 {[%mdl 64] [#] Discovered Attack} ({Less strong is} 19. fxe3 Qh6 $16) (19. hxg4 $6 Rxd3 20. Qxd3 Bd6 $16) 19... Qg5 20. hxg4 Qxg4 21. Bc4 Ne6 (21... Re7 $142 22. Rf4 Qg6) 22. Qf2 {[%mdl 64] Double Attack} Rxg3 23. Qxf7+ {[%mdl 64] [#] Double Attack} Kh8 24. Qf6+ Ng7 25. Rf2 (25. Qh6# $142) 25... Rh3 26. Be2 (26. Qe7 $142 Nf5 27. Qxb7) 26... Qg3 27. Qf4 Qg6 $2 (27... Ne6 28. Qxg3 Rxg3) 28. Bg4 $2 (28. Bc4 $18) 28... Rh4 $17 29. Rf3 ({Don't go for} 29. Bf5 $2 Qh5 $19) 29... Rxg4 ({Black should try} 29... Qxg4 $17 30. Qxg4 Rxg4) 30. Rh3+ $14 Kg8 31. Qf3 $2 {[%mdl 8192]} (31. Qh2 $14 {was the only good move.} Ne8 32. Rh8+ Kg7 33. Qe5+ Qf6 34. Qh5 (34. Rxe8 Rxe8 35. Qxe8 Qf3 $11)) 31... Rf8 $19 32. Qe2 Rf5 (32... Nh5 $142 {( -> ...Nf4!)} 33. Rxh5 Qxh5) 33. Re1 Rxg2+ $2 (33... b5 $19 {Hoping for ...Rff4.} 34. Rf1 Rxf1+ 35. Qxf1 Nh5) 34. Qxg2 $11 {The position is equal.} Rg5 35. Rh2 Rxg2+ 36. Rxg2 Qh6 37. Re7 {[%mdl 64] Double Attack} Qc1+ 38. Kh2 Qf4+ 39. Kg1 Qc1+ 40. Kh2 Qf4+ 41. Kg1 Qc1+ {Accuracy: White = 43%, Black = 21%.} 1/2-1/2

[Event "Calvi Rapid Open 2019"]
[Site "Calvi"]
[Date "2019.05.19"]
[Round "9.3"]
[White "Cristofari, Antoine"]
[Black "Petrosyan, Armen"]
[Result "0-1"]
[WhiteElo "1968"]
[BlackElo "2409"]
[Annotator "RC"]
[PlyCount "80"]
[EventDate "2019.05.18"]
[EventType "rapid"]
[EventCountry "FRA"]
[SourceTitle "playchess.com"]
[Source "ChessBase"]
[SourceQuality "1"]
[TimeControl "600+3"]

1. e4 {[%emt 0:00:00]} c6 {[%emt 0:00:00]} 2. d4 {[%emt 0:00:01]} d5 {[%emt 0:00:00]} 3. exd5 {[%emt 0:00:01]} cxd5 {[%emt 0:00:01]} 4. Bd3 {[%emt 0:00:02]} Nc6 {[%emt 0:00:07]} 5. c3 {[%emt 0:00:03]} Qc7 {[%emt 0:00:16]} 6. Na3 {[%emt 0:00:41]} a6 {[%emt 0:00:23]} 7. Qa4 {[%emt 0:00:12]} Bd7 {[%emt 0:02:39]} 8. Qd1 {[%emt 0:02:26]} e5 {[%emt 0:02:16]} 9. Nc2 {[%emt 0:00:31]} e4 {[%emt 0:00:10]} 10. Be2 {[%emt 0:00:03]} Bd6 {[%emt 0:00:27]} 11. Bg5 {[%emt 0:00:16]} h6 {[%emt 0:00:22]} 12. Bd2 {[%emt 0:00:24]} Nf6 {[%emt 0:00:31]} 13. Ne3 {[%emt 0:00:18]} O-O {[%emt 0:00:06]} 14. h3 {[%emt 0:01:28]} Be6 {[%emt 0:00:13]} 15. Bg4 {[%emt 0:00:07]} Ne7 {[%emt 0:00:28]} 16. Ne2 {[%emt 0:00:19]} Nh7 {[%emt 0:00:27]} 17. Bxe6 {[%emt 0:00:24]} fxe6 {[%emt 0:00:02]} 18. Qb3 {[%emt 0:00:40]} b5 {[%emt 0:00:16]} 19. Rf1 {[%emt 0:00:09]} Ng6 {[%emt 0:00:39]} 20. O-O-O {[%emt 0:00:05]} Nf6 {[%emt 0:00:06]} 21. Kb1 {[%emt 0:00:03]} Nf4 {[%emt 0:00:09]} 22. Nxf4 {[%emt 0:00:04]} Bxf4 {[%emt 0:00:00]} 23. Bc1 {[%emt 0:01:47]} Rf7 {[%emt 0:00:08]} 24. Rde1 {[%emt 0:00:07]} Raf8 {[%emt 0:00:03]} 25. Qc2 {[%emt 0:00:05]} Nd7 {[%emt 0:00:11]} 26. g3 {[%emt 0:00:12]} Bg5 {[%emt 0:00:21]} 27. h4 {[%emt 0:00:05]} Be7 {[%emt 0:00:02]} 28. Ng4 {[%emt 0:00:09]} Rf3 {[%emt 0:00:07]} 29. Be3 {[%emt 0:00:06]} Bd6 {[%emt 0:00:12]} 30. Nh2 {[%emt 0:00:05]} R3f7 {[%emt 0:00:07]} 31. Rg1 {[%emt 0:00:01]} Nb6 {[%emt 0:00:03]} 32. Re2 {[%emt 0:00:16]} Nc4 {[%emt 0:00:01]} 33. Bc1 {[%emt 0:00:04]} a5 {[%emt 0:00:12]} 34. Nf1 {[%emt 0:00:04]} b4 {[%emt 0:00:02]} 35. Nd2 {[%emt 0:00:06]} Rxf2 {[%emt 0:00:14]} 36. Nxc4 {[%emt 0:00:08]} Rxe2 {[%emt 0:00:01]} 37. Qxe2 {[%emt 0:00:07]} Qxc4 {[%emt 0:00:01]} 38. Qe3 {[%emt 0:00:11]} Rf3 {[%emt 0:00:10]} 39. Qe1 Qd3+ 40. Ka1 Bxg3 0-1

[Event "Calvi Rapid Open 2019"]
[Site "Calvi"]
[Date "2019.05.19"]
[Round "9.4"]
[White "Tomasi, Elise"]
[Black "Massoni, Michael"]
[Result "0-1"]
[WhiteElo "1898"]
[BlackElo "2344"]
[Annotator "NA RC"]
[PlyCount "142"]
[EventDate "2019.05.18"]
[EventType "rapid"]
[EventCountry "FRA"]
[SourceTitle "playchess.com"]
[Source "ChessBase"]
[SourceQuality "1"]
[TimeControl "600+3"]

1. d4 {[%emt 0:00:02]} Nf6 {[%emt 0:00:00]} 2. Nf3 {[%emt 0:00:02]} g6 {[%emt 0:00:06]} 3. g3 {[%emt 0:00:06]} Bg7 {[%emt 0:00:03]} 4. Bg2 {[%emt 0:00:03]} O-O {[%emt 0:00:13]} 5. O-O {[%emt 0:00:03]} d6 {[%emt 0:00:02]} 6. a4 {[%emt 0:00:04]} Nbd7 {[%emt 0:00:26]} 7. b3 {[%emt 0:00:29] A49: 1 d4 Nf6 2 Nf3 g6 3 g3: Anti-King's Indian systems} (7. a5 a6 8. Re1 e5 9. e4 exd4 10. Nxd4 Re8 11. Nc3 Nc5 12. h3 Bd7 13. Bf4 Qc8 14. Kh2 Nh5 15. Be3 Nf6 {1-0 (94) Piorun,K (2631)-Bobras,P (2499) Poland 2018}) 7... c6 {[%emt 0:00:15]} 8. a5 {[%emt 0:00:18]} Qc7 {[%emt 0:00:07]} 9. Bb2 {[%emt 0:00:13]} Re8 {[%emt 0:00:31]} 10. Nc3 $146 {[%emt 0:00:53]} ({Predecessor:} 10. Nbd2 e5 11. dxe5 dxe5 12. e4 Rd8 13. Qe2 Ne8 14. Nc4 Rb8 15. Rfd1 b5 16. axb6 axb6 17. Nfxe5 {1-0 (24) Bockowski,R (2275)-Klatt,J Ueckermuende 1998}) 10... e5 {[%emt 0:00:20]} 11. e4 {[%emt 0:01:02]} Nf8 {[%emt 0:00:56]} 12. Re1 {[%emt 0:00:50]} Bg4 {[%emt 0:00:14]} 13. dxe5 {[%emt 0:01:37]} dxe5 {[%emt 0:00:03]} 14. Qc1 {[%emt 0:01:35]} Rad8 {[%emt 0:00:27]} 15. b4 {[%emt 0:00:30]} Ne6 {[%emt 0:00:50]} 16. h3 {[%emt 0:01:07]} Bxf3 {[%emt 0:00:02]} 17. Bxf3 {[%emt 0:00:02]} Nd4 {[%emt 0:00:17]} 18. Bg2 {[%emt 0:00:02]} Qe7 {[%emt 0:00:08]} 19. Na2 {[%emt 0:00:08]} h5 {[%emt 0:00:17]} 20. Bxd4 {[%emt 0:00:16]} Rxd4 {[%emt 0:00:10]} 21. c3 {[%emt 0:00:08]} Rd3 {[%emt 0:00:22]} 22. Qc2 {[%emt 0:00:10]} Rdd8 {[%emt 0:00:07]} 23. Rad1 {[%emt 0:00:04]} h4 {[%emt 0:00:04]} 24. Nc1 {[%emt 0:00:11]} hxg3 {[%emt 0:00:02]} 25. fxg3 {[%emt 0:00:01]} Nh5 {[%emt 0:00:31]} 26. Qf2 {[%emt 0:00:05]} Qg5 {[%emt 0:00:13]} 27. Kh2 {[%emt 0:00:02]} Bh6 {[%emt 0:00:54]} 28. Nd3 {[%emt 0:00:39]} Qe7 $14 {[%emt 0:00:19]} (28... Re6 $11) 29. Qxa7 {[%emt 0:00:04]} (29. Bf3 $14) 29... Rd6 {[%emt 0:00:25]} 30. Qf2 {[%emt 0:00:09]} Red8 {[%emt 0:00:07]} 31. Nb2 {[%emt 0:00:01]} Bd2 {[%emt 0:00:59]} 32. Rxd2 {[%emt 0:00:16]} Rxd2 33. Re2 Rxe2 {[%emt 0:00:24]} 34. Qxe2 {[%emt 0:00:02]} Nxg3 {[%emt 0:00:38]} 35. Kxg3 {[%emt 0:00:05]} Qg5+ {[%emt 0:00:01]} 36. Qg4 {[%emt 0:00:04]} Qd2 {[%emt 0:00:04]} 37. Na4 {[%emt 0:00:06]} Qc2 {[%emt 0:00:16]} 38. Nb6 {[%emt 0:00:03]} Qxc3+ {[%emt 0:00:07]} 39. Kh2 {[%emt 0:00:02]} Qxb4 {[%emt 0:00:04]} 40. Qg5 {[%emt 0:00:01]} Qd4 {[%emt 0:00:12]} 41. Nc4 {[%emt 0:00:04]} Ra8 {[%emt 0:00:17]} 42. Nd2 {[%emt 0:00:12]} c5 {[%emt 0:00:06]} 43. Nf3 {[%emt 0:00:02]} Qd6 {[%emt 0:00:01]} 44. Qg3 {[%emt 0:00:07]} Re8 {[%emt 0:00:13]} 45. h4 {[%emt 0:00:03]} Kg7 {[%emt 0:00:02]} 46. h5 {[%emt 0:00:02]} Rh8 {[%emt 0:00:01]} 47. Kg1 {[%emt 0:00:03]} Rxh5 {[%emt 0:00:01]} 48. Qe1 {[%emt 0:00:10]} Rh8 {[%emt 0:00:02]} 49. Qc3 {[%emt 0:00:01]} Re8 {[%emt 0:00:01]} 50. Nd2 {[%emt 0:00:02]} Qd4+ {[%emt 0:00:01]} 51. Qxd4 {[%emt 0:00:02]} cxd4 {[%emt 0:00:02]} 52. Bf1 {[%emt 0:00:02]} Ra8 {[%emt 0:00:04]} 53. Nc4 {[%emt 0:00:01]} f6 {[%emt 0:00:02]} 54. Bd3 {[%emt 0:00:02]} Kf8 {[%emt 0:00:06]} 55. Kf2 {[%emt 0:00:02]} Ke7 {[%emt 0:00:01]} 56. Ke2 {[%emt 0:00:03]} Rh8 {[%emt 0:00:01]} 57. Nd2 {[%emt 0:00:06]} Kd6 {[%emt 0:00:03]} 58. Nc4+ {[%emt 0:00:02]} Kc5 {[%emt 0:00:02]} 59. Nb6 {[%emt 0:00:02]} Rh2+ {[%emt 0:00:03]} 60. Kd1 {[%emt 0:00:02]} Rh3 {[%emt 0:00:20]} 61. Kd2 {[%emt 0:00:04]} Rh2+ {[%emt 0:00:03]} 62. Kd1 {[%emt 0:00:01]} Ra2 {[%emt 0:00:04]} 63. Nd7+ {[%emt 0:00:02]} Kb4 {[%emt 0:00:01]} 64. Nxf6 {[%emt 0:00:04]} Kc3 {[%emt 0:00:06]} 65. Bb5 {[%emt 0:00:03]} Rxa5 {[%emt 0:00:04]} 66. Nd5+ {[%emt 0:00:01]} Kb3 {[%emt 0:00:01]} 67. Bd3 {[%emt 0:00:02]} Ra8 {[%emt 0:00:03]} 68. Ne7 {[%emt 0:00:03]} Kc3 {[%emt 0:00:02]} 69. Bb5 d3 {[%emt 0:00:02]} 70. Nd5+ {[%emt 0:00:04]} Kd4 {[%emt 0:00:01]} 71. Nb4 {[%emt 0:00:03]} Kc5 {[%emt 0:00:05]} 0-1